00704 a2200169 450000500170000002000220001708200170003910000150005624500510007126000330012230000540015570000170020994200130022699900150023995201400025495201400039420250527133745.0 a978-0-07-747300-6 aLECT 650 ETT aETTL, R. E aBusiness in the 21st Century : Bus 111/112/115 aBoston,bMcGraw-Hill,c2010. axxxl, 567p.: ill.; figure, picture, table.c27cm. aLASKOWSKI, R 2ddccBKS c2741d2741 r2025-05-27 13:38:54l0oLECT 650 ETTp00000010284v150000.00w2025-05-27yBKS102ddc407000aCBEMLbCBEMLcGENd2014-11-28g50000.00 r2025-05-28 13:07:56l0oLECT 650 ETTp00000010361v150000.00w2025-05-28yBKS102ddc407000aCBEMLbCBEMLcGENd2014-11-28g50000.00